000 00317nam a22001457a 4500
008 230907b ||||| |||| 00| 0 eng d
020 _a0314651756
041 _aeng
080 _a34
082 _a34GLE
100 _a31
101 _aJUR
245 _aCOMPARATIVE LEGAL TRADITIONS
_cGLENDON.A.M
942 _2udc
_cBK
999 _c60293
_d60293